[Event "Liechtenstein op 29th"]
[Site "Triesen"]
[Date "2011.05.31"]
[Round "5"]
[White "Nievergelt, Heinrich"]
[Black "Laske, Erich"]
[Result "1-0"]
[WhiteElo "1966"]
[BlackElo "2132"]
[PlyCount "161"]
[EventDate "2011.05.27"]
[EventType "swiss"]
[EventRounds "9"]
[EventCountry "LIE"]
[SourceTitle "CBM 142 Extra"]
[Source "ChessBase"]
[SourceDate "2011.06.27"]
[SourceVersion "1"]
[SourceVersionDate "2011.06.27"]
[SourceQuality "1"]

1. e4 c5 2. Nc3 a6 3. g3 b5 4. Bg2 Bb7 5. d3 e6 6. Nf3 g6 7. Be3 Qc7 8. Qd2 Bg7 9. Bf4 d6 10. Rb1 b4 11. Ne2 e5 12. Be3 h6 13. c3 a5 14. 0-0 Ne7 15. Qc2 f5 16. Bd2 d5 17. Ne1 Na6 18. f4 c4 19. fxe5 cxd3 20. Nxd3 dxe4 21. Ndf4 Bxe5 22. Be3 g5 23. Ne6 Qd7 24. N2d4 Bd5 25. Nxg5 hxg5 26. Bxg5 Bxd4+ 27. cxd4 Rc8 28. Qd2 Be6 29. Bxe7 Qxe7 30. g4 Qh4 31. Qf4 Qf6 32. Qd6 Qh6 33. g5 Qg6 34. Qxa6 Rd8 35. Qb5+ Ke7 36. Rbc1 Qxg5 37. Rc7+ Kf8 38. Qc5+ Kg8 39. Qe5 Qe3+ 40. Kh1 Qh6 41. Re7 f4 42. Qxe6+ Qxe6 43. Rxe6 f3 44. Rxe4 fxg2+ 45. Kxg2 Rh5 46. Rf3 Rc8 47. Ref4 a4 48. Rf2 b3 49. axb3 axb3 50. R4f3 Rb5 51. Rg3+ Kh8 52. h4 Rc4 53. Rd3 Rbb4 54. Rfd2 Kg7 55. Kf3 Kf6 56. Ke4 Ke6 57. h5 Rc1 58. Rh3 Rc2 59. Rhh2 Rc7 60. h6 Rh7 61. Rd3 Rb6 62. d5+ Kd6 63. Rhh3 Rb8 64. Rxb3 Re8+ 65. Kd4 Re1 66. Rb6+ Kc7 67. Rg6 Rd1+ 68. Rd3 Rh1 69. Rc3+ Kd8 70. Rcc6 Rd1+ 71. Kc5 Rc1+ 72. Kb6 Rb1 73. Rg8+ Kd7 74. Rc7+ Kd6 75. Rd8+ Ke5 76. Rxh7 Rxb2+ 77. Kc7 Ra2 78. Rb8 Kxd5 79. Rd7+ Ke6 80. Rb6+ Kf5 81. h7 1-0

[Event "AUT-chT2W 1011"]
[Site "Austria"]
[Date "2010.10.17"]
[Round "3.5"]
[White "Laske, Erich"]
[Black "Burschowsky, Matthias"]
[Result "0-1"]
[WhiteElo "2090"]
[BlackElo "2208"]
[PlyCount "126"]
[EventDate "2010.10.15"]
[EventType "team-tourn"]
[EventRounds "11"]
[EventCountry "AUT"]
[SourceTitle "EXT 2011"]
[Source "ChessBase"]
[SourceDate "2010.11.26"]
[SourceVersion "1"]
[SourceVersionDate "2010.11.26"]
[SourceQuality "1"]
[WhiteTeam "Goetzis"]
[BlackTeam "Hohenems II"]
[WhiteTeamCountry "AUT"]
[BlackTeamCountry "AUT"]

1. c4 Nf6 2. Nc3 g6 3. e4 d6 4. d4 Bg7 5. Be2 c6 6. h3 Qa5 7. Qd3 Nbd7 8. Bd2 Qb6 9. b4 0-0 10. Nf3 e5 11. d5 cxd5 12. cxd5 Qxb4 13. Rb1 Qa5 14. 0-0 Nc5 15. Qc2 a6 16. Rfc1 Qd8 17. a4 b6 18. Rb4 Rb8 19. Rcb1 h6 20. Be3 Nfd7 21. g4 a5 22. Rc4 Ba6 23. Nb5 Bxb5 24. Rxb5 Na6 25. Qc1 Kh7 26. Nd2 Ndc5 27. Qa3 Qd7 28. Qb2 Qa7 29. Qb1 Nb4 30. Qd1 Nca6 31. Rc1 Nc7 32. Rxa5 Qxa5 33. Rxc7 Qa8 34. Bb5 Rb7 35. Rc4 Na6 36. Bc6 Nc5 37. Bxb7 Qxb7 38. Nb3 Qa6 39. Nd2 Ra8 40. Bxc5 bxc5 41. Qb3 Qa5 42. Qa2 Rb8 43. Kg2 Bf6 44. Rc1 Rb4 45. Ra1 Bg5 46. f3 Bf4 47. Qc2 Qa6 48. Nf1 c4 49. Ra2 Rb3 50. Ng3 Rd3 51. Ne2 Rd2 52. Qb1 c3 53. Rxd2 Bxd2 54. Qb5 Qa7 55. Qd3 Qc5 56. h4 Be1 57. Kh3 c2 58. Qb5 Qf2 59. Qd7 Qxf3+ 60. Kh2 Qxe2+ 61. Kh3 Qf3+ 62. Kh2 Bg3+ 63. Kh3 Bf4# 0-1

[Event "AUT-chT2W 0910"]
[Site "Austria"]
[Date "2010.03.12"]
[Round "9.5"]
[White "Steinbacher, Thomas"]
[Black "Laske, Erich"]
[Result "0-1"]
[WhiteElo "2059"]
[BlackElo "2076"]
[PlyCount "120"]
[EventDate "2009.10.23"]
[EventType "team-tourn"]
[EventRounds "11"]
[EventCountry "AUT"]
[SourceTitle "EXT 2011"]
[Source "ChessBase"]
[SourceDate "2010.11.26"]
[SourceVersion "1"]
[SourceVersionDate "2010.11.26"]
[SourceQuality "1"]
[WhiteTeam "Kufstein"]
[BlackTeam "Goetzis"]
[WhiteTeamCountry "AUT"]
[BlackTeamCountry "AUT"]

1. d4 Nf6 2. Nc3 d5 3. Bg5 Nbd7 4. Qd3 h6 5. Bh4 c5 6. dxc5 e6 7. 0-0-0 Nxc5 8. Qd4 b5 9. Bxf6 gxf6 10. b4 Na6 11. a3 Nc7 12. e4 e5 13. Qd3 d4 14. Nxb5 a5 15. Nxc7+ Qxc7 16. Qb5+ Bd7 17. Qd5 Rc8 18. Qb3 axb4 19. a4 Be6 20. Bb5+ Kd8 21. Qd3 b3 22. Rd2 Qc5 23. Kb1 Qa3 24. c3 Bd6 25. Ne2 Ke7 26. cxd4 exd4 27. f4 Bb4 28. Rhd1 Rhd8 29. e5 fxe5 30. fxe5 Bxd2 31. Rxd2 Rc5 32. Rb2 Rxe5 33. Qf3 Bf5+ 34. Bd3 Bxd3+ 35. Qxd3 Re3 36. Qb5 Qd6 37. g3 Qg6+ 38. Ka1 Qd3 39. Qc5+ Ke8 40. Nc1 Qc3 41. Qb5+ Kf8 42. Nxb3 d3 43. Qb6 Re1+ 44. Ka2 Ke8 45. Qb5+ Ke7 46. Qb7+ Rd7 47. Qf3 Qe5 48. Qg4 Re2 49. Qb4+ Ke8 50. Nd2 Qe6+ 51. Rb3 Rd8 52. Qc3 f6 53. Ka3 Qe7+ 54. Ka2 Qe5 55. Qc6+ Kf8 56. Qc1 Ra8 57. Qa3+ Kg8 58. Rxd3 Qe4 59. Qb3+ Kh8 60. Kb1 Rxd2 0-1

[Event "Zuerich op-A 32nd"]
[Site "Zuerich"]
[Date "2008.12.26"]
[Round "1"]
[White "Eschbach, Dennis"]
[Black "Laske, Erich"]
[Result "1-0"]
[WhiteElo "2414"]
[BlackElo "2100"]
[PlyCount "45"]
[EventDate "2008.12.26"]
[EventType "swiss"]
[EventRounds "7"]
[EventCountry "SUI"]
[SourceTitle "CBM 127 Extra"]
[Source "ChessBase"]
[SourceDate "2009.01.08"]
[SourceVersion "2"]
[SourceVersionDate "2009.01.28"]
[SourceQuality "1"]

1. e4 c5 2. Nf3 a6 3. d3 e6 4. g3 d5 5. Nbd2 Nf6 6. Bg2 Be7 7. 0-0 Nc6 8. Re1 0-0 9. e5 Nd7 10. Nf1 Qc7 11. Bf4 Re8 12. h4 d4 13. N1h2 Nb4 14. Ng5 h6 15. Nh3 Nd5 16. Bxd5 exd5 17. e6 Bd6 18. exf7+ Kxf7 19. Qh5+ g6 20. Qxd5+ Kg7 21. Rxe8 Bxf4 22. Qg8+ Kf6 23. Re6+ 1-0

[Event "Staufer op 20th"]
[Site "Schwaebisch Gmuend"]
[Date "2008.01.05"]
[Round "8"]
[White "Raps, Johannes"]
[Black "Laske, Erich"]
[Result "1-0"]
[WhiteElo "2191"]
[BlackElo "2033"]
[PlyCount "51"]
[EventDate "2008.01.02"]
[EventType "swiss"]
[EventRounds "9"]
[EventCountry "GER"]
[SourceTitle "CBM 122 Extra"]
[Source "ChessBase"]
[SourceDate "2008.03.04"]
[SourceVersion "1"]
[SourceVersionDate "2008.03.04"]
[SourceQuality "1"]

1. d4 Nf6 2. Nf3 e6 3. g3 b5 4. Bg2 Bb7 5. 0-0 Be7 6. Nbd2 d5 7. b3 0-0 8. Bb2 Nbd7 9. Ne5 c5 10. Nxd7 Nxd7 11. e4 cxd4 12. exd5 Bxd5 13. Bxd5 exd5 14. Bxd4 Bf6 15. Nf3 Rc8 16. c3 Qa5 17. Re1 Bxd4 18. cxd4 Nf6 19. Re7 Qa3 20. Qe2 Ne4 21. Rd7 a6 22. Ne5 Qb4 23. Qb2 Nf6 24. a3 Qa5 25. Rb7 Rc7 26. b4 1-0

[Event "Zuerich op-B 30th"]
[Site "Zuerich"]
[Date "2006.12.26"]
[Round "2"]
[White "Huggler, Andreas"]
[Black "Laske, Erich"]
[Result "0-1"]
[WhiteElo "1834"]
[BlackElo "2015"]
[PlyCount "44"]
[EventDate "2006.12.26"]
[EventType "swiss"]
[EventRounds "7"]
[EventCountry "SUI"]
[SourceTitle "CBM 116 Extra"]
[Source "ChessBase"]
[SourceDate "2007.03.07"]
[SourceVersion "1"]
[SourceVersionDate "2007.03.07"]
[SourceQuality "1"]

1. e4 c5 2. Nf3 Nc6 3. d4 cxd4 4. Nxd4 Qb6 5. Nb3 Nf6 6. Nc3 e6 7. Be3 Qc7 8. a3 a6 9. f4 d6 10. Bd3 b5 11. 0-0 Bb7 12. Qe2 h5 13. f5 e5 14. Nd5 Nxd5 15. exd5 Ne7 16. Be4 Rc8 17. Rad1 Ng8 18. Nd4 Nf6 19. Nxb5 axb5 20. Qxb5+ Qd7 21. Qd3 Qa4 22. b4 Ba6 0-1

[Event "Liechtenstein op 23rd"]
[Site "Triesen"]
[Date "2005.05.01"]
[Round "3"]
[White "Kohlweyer, Bernd"]
[Black "Laske, Erich"]
[Result "1-0"]
[WhiteElo "2429"]
[BlackElo "2043"]
[PlyCount "58"]
[EventDate "2005.04.29"]
[EventType "swiss"]
[EventRounds "9"]
[EventCountry "LIE"]
[SourceTitle "CBM 106 Extra"]
[Source "ChessBase"]
[SourceDate "2005.07.01"]
[SourceVersion "1"]
[SourceVersionDate "2005.07.01"]
[SourceQuality "1"]

1. d4 Nf6 2. c4 e5 3. dxe5 Ng4 4. e3 Nxe5 5. Nh3 g6 6. Nf4 Bg7 7. Nc3 d6 8. Be2 0-0 9. 0-0 Nbd7 10. Qd2 a5 11. b3 Nc5 12. Ba3 b6 13. Rad1 Bb7 14. Rfe1 f5 15. Bxc5 bxc5 16. Ne6 Qh4 17. Nxf8 Rxf8 18. f4 Ng4 19. Bxg4 fxg4 20. Nd5 g3 21. hxg3 Qxg3 22. Qf2 Qg4 23. Qf3 Qh4 24. Nf6+ Bxf6 25. Qxb7 g5 26. Qf3 Bc3 27. g3 Qh3 28. Rf1 gxf4 29. gxf4 Kh8 1-0

[Event "Liechtenstein op 23rd"]
[Site "Triesen"]
[Date "2005.04.29"]
[Round "1"]
[White "Solleveld, Maarten"]
[Black "Laske, Erich"]
[Result "1-0"]
[WhiteElo "2466"]
[BlackElo "2043"]
[PlyCount "49"]
[EventDate "2005.04.29"]
[EventType "swiss"]
[EventRounds "9"]
[EventCountry "LIE"]
[SourceTitle "CBM 106 Extra"]
[Source "ChessBase"]
[SourceDate "2005.07.01"]
[SourceVersion "1"]
[SourceVersionDate "2005.07.01"]
[SourceQuality "1"]

1. e4 c5 2. Nf3 Nc6 3. d4 cxd4 4. Nxd4 Nf6 5. Nc3 e5 6. Ndb5 d6 7. Nd5 Nxd5 8. exd5 Ne7 9. c4 Nf5 10. Bd3 Be7 11. 0-0 0-0 12. Kh1 a6 13. Nc3 Bg5 14. f4 Bxf4 15. Bxf4 exf4 16. Rxf4 Qg5 17. Qd2 Qh6 18. Qf2 g6 19. Ne4 Qg7 20. g4 Nh6 21. g5 Nf5 22. Nf6+ Kh8 23. Bxf5 Bxf5 24. Rh4 h5 25. Qxf5 1-0

[Event "Liechtenstein op 21st"]
[Site "Vaduz"]
[Date "2003.05.23"]
[Round "1"]
[White "Miladinovic, Igor"]
[Black "Laske, Erich"]
[Result "1-0"]
[WhiteElo "2533"]
[BlackElo "2079"]
[PlyCount "51"]
[EventDate "2003.05.23"]
[EventType "swiss"]
[EventRounds "5"]
[EventCountry "LIE"]
[SourceTitle "CBM 094 Extra"]
[Source "ChessBase"]
[SourceDate "2003.07.09"]
[SourceVersion "2"]
[SourceVersionDate "2003.07.09"]
[SourceQuality "1"]

1. d4 g6 2. e4 Bg7 3. Nc3 c6 4. Be3 d5 5. f3 b5 6. e5 Nh6 7. g4 f6 8. exf6 exf6 9. Qd2 Nf7 10. h4 Nd7 11. Bd3 Nb6 12. b3 Qe7 13. a4 f5 14. Nge2 fxg4 15. fxg4 bxa4 16. h5 gxh5 17. gxh5 axb3 18. cxb3 Bf6 19. Kd1 Ng5 20. Rf1 Ne4 21. Qc2 Bh3 22. Nxe4 Bxf1 23. Qxc6+ Kf7 24. Nd6+ Kg8 25. Nf5 Qd8 26. Qe6+ 1-0

[Event "AUT-chT2W 0102"]
[Site "Austria"]
[Date "2001.10.14"]
[Round "3.6"]
[White "Laske, Erich"]
[Black "Spiegel, Wilfried"]
[Result "0-1"]
[WhiteElo "2054"]
[BlackElo "2108"]
[PlyCount "78"]
[EventDate "2001.10.12"]
[EventType "team"]
[EventRounds "11"]
[EventCountry "AUT"]
[SourceTitle "EXT 2002"]
[Source "ChessBase"]
[SourceDate "2001.11.25"]
[SourceVersion "1"]
[SourceVersionDate "2001.11.25"]
[SourceQuality "1"]

1. c4 Nf6 2. d4 g6 3. g3 Bg7 4. Bg2 d5 5. cxd5 Nxd5 6. e4 Nb6 7. Ne2 c5 8. d5 0-0 9. 0-0 e5 10. Be3 Na6 11. Qc1 Bg4 12. f3 Bd7 13. Nbc3 Re8 14. a4 Nc4 15. Bh6 Qb6 16. Bxg7 Kxg7 17. Kh1 Nb4 18. b3 Nd6 19. a5 Qa6 20. Rd1 Rac8 21. Bf1 b5 22. axb6 Qxb6 23. Na4 Bxa4 24. Rxa4 c4 25. Ng1 cxb3 26. Qb2 Nc2 27. Ra6 Qb4 28. Rd3 Nd4 29. Qd2 Qc5 30. Ne2 N6b5 31. Qg5 Qe7 32. Qxe7 Rxe7 33. d6 Rd7 34. Nxd4 Nxd4 35. Bh3 Rc1+ 36. Kg2 Rc2+ 37. Kg1 b2 38. Rd1 f5 39. exf5 gxf5 0-1

[Event "AUT-chT2W 0001"]
[Site "Austria"]
[Date "2000.10.29"]
[Round "3.5"]
[White "Schiestl, Josef"]
[Black "Laske, Erich"]
[Result "1-0"]
[WhiteElo "2167"]
[BlackElo "2039"]
[PlyCount "95"]
[EventDate "2000.??.??"]
[EventType "team"]
[EventRounds "9"]
[EventCountry "AUT"]
[SourceTitle "EXT 2002"]
[Source "ChessBase"]
[SourceDate "2001.11.25"]
[SourceVersion "1"]
[SourceVersionDate "2001.11.25"]
[SourceQuality "1"]

1. e4 g6 2. d4 Bg7 3. Nc3 c6 4. Nf3 d6 5. Be2 Nf6 6. h3 0-0 7. Be3 b5 8. a3 Bb7 9. 0-0 Nbd7 10. e5 Ne8 11. e6 fxe6 12. Ng5 Nc7 13. Bg4 Rf5 14. Bxf5 exf5 15. f4 Nb6 16. Re1 h6 17. Nf3 Kh7 18. Qd3 Qh8 19. Rad1 Re8 20. Bf2 Nc4 21. Rb1 Ba6 22. Nh4 Bf6 23. Na2 Bb7 24. a4 Qg8 25. axb5 cxb5 26. b3 Be4 27. Rxe4 fxe4 28. Qe2 e3 29. Be1 Nd2 30. Bxd2 exd2 31. Nf3 e5 32. dxe5 dxe5 33. fxe5 Qd5 34. Rd1 Bxe5 35. Nxe5 Rxe5 36. Qxd2 a5 37. Nc3 Qf7 38. Qd8 Re7 39. Ne4 Ne8 40. Re1 Ra7 41. Qxe8 Qg7 42. Qxb5 Qd4+ 43. Kh1 Re7 44. Ng5+ hxg5 45. Rxe7+ Kh6 46. Qe5 Qd1+ 47. Kh2 g4 48. Qf4+ 1-0

[Event "AUT-chT2W 0001"]
[Site "Austria"]
[Date "2000.10.27"]
[Round "1.5"]
[White "Monz, Dieter"]
[Black "Laske, Erich"]
[Result "1-0"]
[WhiteElo "2075"]
[BlackElo "2039"]
[PlyCount "117"]
[EventDate "2000.??.??"]
[EventType "team"]
[EventRounds "9"]
[EventCountry "AUT"]
[SourceTitle "EXT 2002"]
[Source "ChessBase"]
[SourceDate "2001.11.25"]
[SourceVersion "1"]
[SourceVersionDate "2001.11.25"]
[SourceQuality "1"]

1. Nf3 g6 2. c4 Bg7 3. g3 e5 4. Nc3 Ne7 5. Bg2 0-0 6. d4 d6 7. 0-0 Nbc6 8. dxe5 dxe5 9. Qc2 Nd4 10. Nxd4 exd4 11. Nd5 Bf5 12. Qb3 c6 13. Nb4 Rb8 14. e4 Bd7 15. Nd3 b6 16. Bf4 Rc8 17. Qa3 Be6 18. Rac1 c5 19. Qxa7 Nc6 20. Qa4 Qd7 21. Qb5 Qa7 22. Bd2 Qxa2 23. Qxb6 Bxc4 24. Ra1 Qb3 25. Qxb3 Bxb3 26. Nxc5 Bc2 27. Bh3 Ne5 28. Bb4 Rb8 29. Ba3 Nf3+ 30. Kg2 Nd2 31. Rfe1 d3 32. Nd7 Nb3 33. Bxf8 Rxf8 34. Nxf8 Nxa1 35. Rxa1 Bxf8 36. Bg4 d2 37. Bd1 Bxe4+ 38. f3 Bd5 39. Ra4 Bg7 40. Ra5 Bc6 41. Rc5 Bb7 42. Rc7 Ba6 43. Ra7 Bc4 44. Ra8+ Bf8 45. Rd8 Kg7 46. Rxd2 Kf6 47. b3 Be6 48. Bc2 h5 49. Rd4 Ke5 50. Ra4 Kd5 51. Bd3 Kc5 52. Bc4 Bd7 53. Ra7 Bc6 54. Rxf7 Bh6 55. Rf6 Be8 56. Bf7 Bg5 57. Rxg6 Bxf7 58. Rxg5+ Kb4 59. Rg7 1-0

[Event "AUT-chT2W 9900"]
[Site "Austria"]
[Date "2000.01.23"]
[Round "8"]
[White "Berchtold, Guenter"]
[Black "Laske, Erich"]
[Result "0-1"]
[WhiteElo "2047"]
[BlackElo "2053"]
[PlyCount "134"]
[EventDate "1999.10.15"]
[EventType "team"]
[EventRounds "11"]
[EventCountry "AUT"]
[SourceTitle "EXT 2000"]
[Source "ChessBase"]
[SourceDate "1999.11.16"]
[SourceVersion "1"]
[SourceVersionDate "1999.11.16"]
[SourceQuality "1"]

1. d4 d6 2. Nf3 Bg4 3. e3 Nf6 4. c3 Nc6 5. Be2 e5 6. Qb3 Qc8 7. Ng5 Nd8 8. dxe5 dxe5 9. Qb5+ Nc6 10. Qb3 Nd8 11. Bc4 Bh5 12. Qb5+ Nd7 13. Nd2 c6 14. Qb3 Nc5 15. Qc2 Qg4 16. Ngf3 e4 17. Nd4 Qxg2 18. Rf1 Bg6 19. b4 Nd3+ 20. Bxd3 exd3 21. Qb3 Be7 22. N2f3 Bf6 23. Rg1 Qh3 24. Rg3 Qd7 25. Bd2 0-0 26. 0-0-0 a5 27. c4 b6 28. b5 c5 29. Nc6 Nxc6 30. bxc6 Qxc6 31. a4 Bh5 32. e4 Qxe4 33. Re1 Qf5 34. Re3 Rae8 35. Qxd3 Qxd3 36. Rxd3 Re2 37. Re3 Rxf2 38. Ne5 Rf1+ 39. Kc2 Bxe5 40. Rxe5 Bd1+ 41. Kc3 Rf2 42. Bh6 Rc2+ 43. Kd3 Rd8+ 44. Rd5 Rxd5+ 45. cxd5 c4+ 46. Kd4 Kf8 47. Rxg7 Rxh2 48. Rxh7+ Ke8 49. Kxc4 Bxa4 50. Rh8+ Kd7 51. Rh7 Rh4+ 52. Kc3 Kd8 53. Rh8+ Kd7 54. Rh7 Kc8 55. Rh8+ Kb7 56. Rh7 Ka6 57. d6 b5 58. Kb2 b4 59. Rh8 Rh2+ 60. Kb1 Kb7 61. Kc1 Bd7 62. Rh7 Ka6 63. Rh8 b3 64. Bg7 Rc2+ 65. Kd1 Bg4+ 66. Ke1 b2 67. Bxb2 Rxb2 0-1

[Event "Graz op-A"]
[Site "Graz"]
[Date "1999.??.??"]
[Round "1"]
[White "Laske, Erich"]
[Black "Mittelberger, Peter"]
[Result "0-1"]
[WhiteElo "2050"]
[BlackElo "2250"]
[PlyCount "70"]
[EventDate "1999.09.17"]
[EventType "swiss"]
[EventRounds "9"]
[EventCountry "AUT"]
[SourceTitle "EXT 2001"]
[Source "ChessBase"]
[SourceDate "2000.11.22"]
[SourceVersion "1"]
[SourceVersionDate "2000.11.22"]
[SourceQuality "1"]

1. c4 Nf6 2. Nc3 g6 3. e4 d6 4. d4 Bg7 5. Nge2 0-0 6. Ng3 e5 7. d5 c6 8. h4 h5 9. Bg5 Qb6 10. Qd2 cxd5 11. Bxf6 Bxf6 12. Nxd5 Qd8 13. Nxf6+ Qxf6 14. 0-0-0 Nc6 15. b3 Be6 16. Kb1 a6 17. Qg5 Qxg5 18. hxg5 Rfd8 19. Be2 b5 20. Rc1 Nd4 21. Bd3 bxc4 22. Bxc4 Bxc4 23. Rxc4 Rab8 24. f4 Ne6 25. f5 Nxg5 26. Rf1 Rd7 27. Rc6 h4 28. Ne2 Nxe4 29. Rh1 g5 30. Rxa6 Kg7 31. Ra4 d5 32. Rd1 d4 33. Rd3 Nc5 34. f6+ Kg6 35. Ra3 Nxd3 0-1

[Event "AUT-chT3 9798"]
[Site "Vorarlberg "]
[Date "1998.02.27"]
[Round "9"]
[White "Laske, Erich"]
[Black "Mrsic, Robert"]
[Result "1/2-1/2"]
[WhiteElo "1942"]
[BlackElo "1910"]
[PlyCount "133"]
[EventDate "1997.??.??"]
[EventType "team-tourn"]
[EventRounds "9"]
[EventCountry "AUT"]
[SourceTitle "EXT 1999"]
[Source "ChessBase"]
[SourceDate "1998.11.16"]
[SourceVersion "1"]
[SourceVersionDate "1998.11.16"]
[SourceQuality "1"]

1. c4 e5 2. g3 Nf6 3. Bg2 Be7 4. Nc3 0-0 5. Nf3 d6 6. 0-0 c6 7. e4 Bg4 8. h3 Bh5 9. d3 Qc7 10. Be3 h6 11. g4 Bg6 12. Rc1 Nbd7 13. Ne2 Qa5 14. a4 d5 15. Ng3 dxe4 16. dxe4 Rad8 17. Qc2 Rfe8 18. c5 Nd5 19. Bd2 Nb4 20. Qb3 Bxc5 21. Rc4 Qb6 22. Bxb4 a5 23. Nh4 Bh7 24. Ngf5 Bxb4 25. Qg3 Bd2 26. Rc2 Nc5 27. Rd1 Rd3 28. Bf3 Bf4 29. Qg2 Rxd1+ 30. Bxd1 Qb4 31. Re2 Nxa4 32. Qf3 Nxb2 33. Bb3 Nc4 34. Qd3 b5 35. Qd7 Rf8 36. Ba2 Bg5 37. Nf3 Bxf5 38. exf5 Bf6 39. Qxc6 a4 40. h4 Na5 41. Qe4 Qxe4 42. Rxe4 Nc6 43. g5 hxg5 44. hxg5 Be7 45. Bd5 Nb4 46. f6 Bd6 47. Rxb4 Bxb4 48. Nxe5 Bc3 49. Nxf7 gxf6 50. Nd6+ Kh8 51. Nxb5 Be5 52. g6 Rc8 53. Na3 Rc3 54. Nc4 a3 55. Ne3 Kg7 56. Bf7 Rxe3 57. fxe3 f5 58. Kf2 Kh6 59. Kf3 Kg5 60. Ke2 Kg4 61. Kd3 Kf3 62. Bd5+ Kf2 63. Kd2 Bg7 64. Kd3 Ke1 65. Kc2 Ke2 66. Kb3 Kxe3 67. Kxa3 1/2-1/2

[Event "AUT-chT2W 9798"]
[Site "Austria"]
[Date "1998.??.??"]
[Round "10"]
[White "Reiter, Hannes"]
[Black "Laske, Erich"]
[Result "1-0"]
[WhiteElo "1980"]
[BlackElo "2025"]
[PlyCount "80"]
[EventDate "1997.??.??"]
[EventType "team"]
[EventRounds "11"]
[EventCountry "AUT"]
[SourceTitle "EXT 1999"]
[Source "ChessBase"]
[SourceDate "1998.11.16"]
[SourceVersion "1"]
[SourceVersionDate "1998.11.16"]
[SourceQuality "1"]

1. d4 d6 2. c4 Nf6 3. Nc3 Nbd7 4. e4 e5 5. d5 Be7 6. Nf3 0-0 7. h3 c6 8. Bd3 cxd5 9. cxd5 Nc5 10. Bc2 b5 11. b4 Na6 12. a3 Bd7 13. Bd3 Qb8 14. Be3 Qb7 15. 0-0 Rac8 16. Rc1 Nc7 17. Nd2 Nfe8 18. f4 exf4 19. Bxf4 Bf6 20. Qf3 Bd4+ 21. Kh1 f6 22. Nb3 Bb6 23. Qg3 f5 24. Bxd6 Nxd6 25. Qxd6 Ne8 26. Qe5 Bc7 27. Qd4 Qb8 28. Nc5 Nf6 29. Nxd7 Nxd7 30. Nxb5 Bb6 31. Rxc8 Rxc8 32. Qa1 Ne5 33. Bb1 f4 34. d6 Be3 35. Qxe5 Re8 36. Ba2+ Kh8 37. Qd5 a6 38. Nc7 Rd8 39. e5 Bb6 40. Ne6 Rc8 1-0

[Event "AUT-chT3 9798"]
[Site "Vorarlberg "]
[Date "1997.11.21"]
[Round "4"]
[White "Laske, Erich"]
[Black "Gehrmann, Holger"]
[Result "1-0"]
[WhiteElo "2025"]
[BlackElo "2156"]
[PlyCount "83"]
[EventDate "1997.??.??"]
[EventType "team-tourn"]
[EventRounds "9"]
[EventCountry "AUT"]
[SourceTitle "EXT 1999"]
[Source "ChessBase"]
[SourceDate "1998.11.16"]
[SourceVersion "1"]
[SourceVersionDate "1998.11.16"]
[SourceQuality "1"]

1. Nf3 Nf6 2. c4 g6 3. d4 Bg7 4. Qc2 d6 5. e4 0-0 6. Be2 Nc6 7. 0-0 Nb4 8. Qb3 a5 9. Nc3 Nd7 10. Rd1 e5 11. Bg5 Qe8 12. a3 exd4 13. axb4 dxc3 14. bxc3 Qxe4 15. Bd3 Qg4 16. h3 Qh5 17. Be3 Re8 18. Nd4 Ne5 19. Be2 Qh4 20. Nb5 Re7 21. Rd4 Qf6 22. bxa5 Bf5 23. Rf4 Bh6 24. Rd4 Bxe3 25. fxe3 Qg5 26. Kh1 Qxe3 27. Qd1 Nc6 28. Rd2 Be4 29. Bf1 Qxh3+ 30. Kg1 Qe3+ 31. Rf2 h5 32. Raa2 Qg5 33. Rfe2 Bf3 34. Qd2 Qc5+ 35. Rf2 Bg4 36. Nd4 Kg7 37. Rb2 Ra7 38. Rb5 Qa3 39. Nxc6 bxc6 40. Qd4+ Kg8 41. Rb8+ Kh7 42. Rh8# 1-0